01318 a2200181 4500003000500000005001700005040000900022082001200031100002800043245003500071250001200106260001700118300001000135505083800145942001200983999001900995952012201014Nust20221011151822.0 cNust a540,CAL aCaldwell,William999920 aChemistrycWilliam E Caldwell aVol: 1 bCliffs Notes a110:p aIntroduction To The Science Of Chemistry (Page-1), Laws Of Chemical Change (Page-5), Atoms And Substomic Particles (Page-9), The Structure And Behavior Of Atoms 1 (Page-13), The Structure And Behavior Of Atoms 2 (Page-17), Periodic Classification Of Elements (Page-21), Valence And Oxidation Number , Chemical Bond (Page-25), Formulas And Elementary Equations (Page-29), Compounds (Page-33), The Liquid State And Water (Page-37), The Gaseous State (Page-41), The Solid State (Page-45), The Colloidal State (Page-49), Solutions (Page-53), The Ionization Theory (Page-57), Ionic Equilibria (Page-61), Weight And Volume Relations (Page-65), Reactions Rates And Chemical Equilibrium (Page-69), Oxidation And Reduction (Page-73), Electrochemistry (Page-77), Radioactivity And Stable Atomic Nuclei (Page-81), Nuclear Chemistry (Page-89). 2ddccBK c183294d183294 00102ddc4070aMCSbMCScGENd2016-12-12o 540,CALpMCS21240r2016-12-08w2016-12-12yBKzAlmirah No.25, Shelf No.1